000 01290nam0a22003251 4500
001 rc\4640823
005 20250612140522.0
021 _aRU
_b[67-101826]
035 _a(NLR Aleph) 008685298
090 _a9204545
_c9204545
100 _a20130416d1967 |||y0rusy50 ca
101 0 _acze
_arus
102 _aRU
105 _ay e |||||
200 1 _aЧешско-русский словарь
_e52000 слов
_fСост. А.И. Павлович
_gПод ред. П. Поглея и М. Венцовской
_gС прил. краткого очерка грамматики чеш. яз., сост. А.Г. Широковой
205 _a5-е изд., испр. и доп.
210 _aМосква
_cСов. энциклопедия
_d1967
215 _a845 с.
_d22
300 _aНа пер. сост. не указан
320 _aБиблиогр.: с. 5-6 (13 назв.)
608 _aЧешско-русские словари
_2psbo
700 1 _aПавлович
_bА.И.
_f1889-
_gАндрей Иванович
_4220
702 1 _aВенцовская
_bМ.
_4340
702 1 _aПоглей
_bП.
_4340
702 1 _aШирокова
_bА.Г.
_4570
801 0 _aRU
_bNLR
_gpsbo
801 1 _aRU
_bELAR
_2rusmarc
852 _aNLR
_j186Чеш-рус/П-12
942 _cBOOK
980 _aNB